[Event "Barcelona Vila de Gracia Seniors 55+ op"]
[Site "Barcelona"]
[Date "2015.05.11"]
[Round "8"]
[White "Sanchez Esteban, Emilio"]
[Black "Sulleva Baiget, Alex"]
[Result "0-1"]
[WhiteElo "1935"]
[BlackElo "2097"]
[PlyCount "113"]
[EventDate "2015.03.16"]
[EventType "swiss"]
[EventRounds "8"]
[EventCountry "ESP"]
[SourceTitle "EXT 2018"]
[Source "ChessBase"]
[SourceDate "2017.10.13"]
[SourceVersion "1"]
[SourceVersionDate "2017.10.13"]
[SourceQuality "1"]

1. d4 Nf6 2. c4 g6 3. Nf3 Bg7 4. Nc3 0-0 5. e4 d6 6. Be2 Nbd7 7. 0-0 e5 8. dxe5 dxe5 9. Qc2 c6 10. Rd1 Qc7 11. b4 Re8 12. c5 a5 13. Qb3 axb4 14. Qxb4 Qa5 15. Qxa5 Rxa5 16. Bb2 Nxc5 17. Nd2 Na4 18. Nxa4 Rxa4 19. f3 Be6 20. a3 Nd7 21. Rac1 Nb6 22. Nf1 f6 23. Ne3 Bf8 24. Rc3 Rd4 25. Rcc1 Rxd1+ 26. Rxd1 Bc5 27. Bc1 Ra8 28. Kf1 Bxa3 29. Bd2 Rd8 30. Ke1 Kf7 31. Rb1 Bc5 32. Nd1 Rd7 33. Rc1 Rc7 34. Rxc5 Nd7 35. Rc1 c5 36. Ne3 f5 37. Bc4 Bxc4 38. Nxc4 Ke6 39. Ba5 Rc6 40. Rd1 Nf6 41. exf5+ gxf5 42. Bc3 Nd5 43. Ba1 Ra6 44. Nxe5 Ne3 45. Nd3 b6 46. Rc1 Rxa1 47. Kf2 Rxc1 48. Nxc1 Nd5 49. Ke2 Ke5 50. g3 b5 51. Kd2 c4 52. Ne2 b4 53. Nc1 Kd4 54. Ne2+ Kc5 55. g4 c3+ 56. Kd1 fxg4 57. fxg4 0-1

[Event "Catalunya Club op"]
[Site "Spain"]
[Date "1999.??.??"]
[Round "?"]
[White "Picanol Alemany, Antonio"]
[Black "Sulleva Baiget, Alex"]
[Result "1-0"]
[WhiteElo "2345"]
[BlackElo "2140"]
[PlyCount "41"]
[EventDate "1999.??.??"]
[EventType "swiss"]
[EventRounds "9"]
[EventCountry "ESP"]
[SourceTitle "EXT 2000"]
[Source "ChessBase"]
[SourceDate "1999.11.16"]
[SourceVersion "1"]
[SourceVersionDate "1999.11.16"]
[SourceQuality "1"]

1. e4 c5 2. Nf3 d6 3. d4 cxd4 4. Nxd4 Nf6 5. Nc3 a6 6. Bg5 e6 7. f4 Be7 8. Qf3 Qc7 9. 0-0-0 b5 10. e5 Bb7 11. Qg3 dxe5 12. fxe5 Nh5 13. Qh4 g6 14. Bxb5+ axb5 15. Ndxb5 Bxg5+ 16. Qxg5 Qb6 17. Nd6+ Kf8 18. Rhf1 Bd5 19. Rxf7+ Kg8 20. Qe7 Nc6 21. Rg7+ 1-0

[Event "Barcelona Tres Peons op"]
[Site "Barcelona"]
[Date "1999.??.??"]
[Round "3"]
[White "Torrents Ledewig, Miguel"]
[Black "Sulleva Baiget, Alex"]
[Result "1/2-1/2"]
[WhiteElo "1990"]
[BlackElo "2140"]
[PlyCount "59"]
[EventDate "1999.??.??"]
[EventType "swiss"]
[EventRounds "9"]
[EventCountry "ESP"]
[SourceTitle "EXT 2000"]
[Source "ChessBase"]
[SourceDate "1999.11.16"]
[SourceVersion "1"]
[SourceVersionDate "1999.11.16"]
[SourceQuality "1"]

1. e4 e5 2. Nf3 Nc6 3. Nc3 Nf6 4. g3 d5 5. exd5 Nxd5 6. Nxd5 Qxd5 7. Bg2 Bg4 8. h3 Bxf3 9. Qxf3 Qxf3 10. Bxf3 Nd4 11. Bd1 0-0-0 12. d3 e4 13. dxe4 Re8 14. 0-0 Rxe4 15. Be3 Bd6 16. c3 Nc6 17. Bf3 Re7 18. Bxc6 bxc6 19. Bxa7 c5 20. b4 cxb4 21. cxb4 Bxb4 22. Bd4 f5 23. Rab1 Bd6 24. Rb5 f4 25. Rfb1 Kd7 26. Bc5 fxg3 27. fxg3 Bxc5+ 28. Rxc5 Ra8 29. Rbc1 Kd6 30. Rc6+ 1/2-1/2

[Event "Barcelona op-A"]
[Site "Barcelona"]
[Date "1998.??.??"]
[Round "4"]
[White "Sulleva Baiget, Alex"]
[Black "Anton Escudero, Maria Dolores"]
[Result "1-0"]
[WhiteElo "2150"]
[BlackElo "2115"]
[PlyCount "51"]
[EventDate "1998.??.??"]
[EventType "swiss"]
[EventRounds "8"]
[EventCountry "ESP"]
[SourceTitle "EXT 2019"]
[Source "ChessBase"]
[SourceDate "2018.10.10"]
[SourceVersion "1"]
[SourceVersionDate "2018.10.10"]
[SourceQuality "1"]

1. e4 c5 2. Nf3 a6 3. d4 cxd4 4. Nxd4 Nf6 5. Nc3 e5 6. Nf5 d5 7. Bg5 d4 8. Nb1 Bxf5 9. exf5 Qb6 10. Nd2 Bb4 11. Bd3 e4 12. Bxf6 exd3 13. Bxg7 Rg8 14. f6 Qe6+ 15. Kf1 Nd7 16. cxd3 Nxf6 17. Qa4+ Qc6 18. Re1+ Kd7 19. Qxb4 Rxg7 20. Qe7+ Kc8 21. Qf8+ Kc7 22. Qxg7 Rg8 23. Qxf7+ Kb8 24. Ne4 Rg6 25. Qf8+ Kc7 26. Qc5 1-0

[Event "Sant Boi op"]
[Site "Sant Boi de Llobregat"]
[Date "1998.??.??"]
[Round "3"]
[White "Sulleva Baiget, Alex"]
[Black "Lerch Gallemi, Jose Maria"]
[Result "0-1"]
[WhiteElo "2145"]
[BlackElo "2330"]
[PlyCount "76"]
[EventDate "1998.??.??"]
[EventType "swiss"]
[EventRounds "8"]
[EventCountry "ESP"]
[SourceTitle "EXT 2003"]
[Source "ChessBase"]
[SourceDate "2002.11.25"]
[SourceVersion "1"]
[SourceVersionDate "2002.11.25"]
[SourceQuality "1"]

1. Nf3 c5 2. g3 Nc6 3. Bg2 g6 4. 0-0 Bg7 5. d3 d5 6. Nbd2 Nf6 7. c3 0-0 8. e4 dxe4 9. dxe4 Qc7 10. Qe2 e5 11. Nh4 b6 12. h3 a5 13. a4 Ba6 14. Nc4 Ne8 15. b3 Nd6 16. Be3 Qe7 17. Rfd1 Na7 18. f3 Nac8 19. Bf1 Qe6 20. Rd5 f5 21. Rad1 Nxc4 22. bxc4 fxe4 23. Rd8 exf3 24. Qxf3 e4 25. Qf4 Ra7 26. Rxf8+ Bxf8 27. Rd8 Rf7 28. Qg5 Ne7 29. g4 Nc6 30. Rd2 Be7 31. Qh6 Qf6 32. Bf2 Qxc3 33. Nxg6 Bf6 34. Nh4 e3 35. Re2 exf2+ 36. Rxf2 Qg3+ 37. Bg2 Qxh4 38. Qd2 Bd4 0-1

[Event "Barcelona op-A"]
[Site "Barcelona"]
[Date "1998.??.??"]
[Round "6"]
[White "Sulleva Baiget, Alex"]
[Black "Severri Arrese, Carlos"]
[Result "1-0"]
[WhiteElo "2150"]
[BlackElo "2125"]
[PlyCount "75"]
[EventDate "1998.??.??"]
[EventType "swiss"]
[EventRounds "8"]
[EventCountry "ESP"]
[SourceTitle "EXT 2019"]
[Source "ChessBase"]
[SourceDate "2018.10.10"]
[SourceVersion "1"]
[SourceVersionDate "2018.10.10"]
[SourceQuality "1"]

1. Nf3 c5 2. g3 Nc6 3. Bg2 d5 4. 0-0 e5 5. d3 Be7 6. Nbd2 h5 7. h4 Bg4 8. c4 d4 9. a3 Qd7 10. Rb1 a5 11. Ne4 Nf6 12. Nfg5 Nxe4 13. Nxe4 Bh3 14. Bxh3 Qxh3 15. Qb3 Qd7 16. f4 a4 17. Qd1 Qh3 18. Qe1 Ra6 19. f5 g5 20. Bxg5 Rg8 21. f6 Bf8 22. Qf2 Qd7 23. Qf5 Qc7 24. Qh7 Rg6 25. Qxh5 Nd8 26. b4 cxb4 27. axb4 a3 28. c5 a2 29. Ra1 Ra4 30. Qh8 Ne6 31. Nd6+ Kd8 32. Ne4 Kd7 33. h5 Rxg5 34. Nxg5 Nxg5 35. Qxf8 Ke6 36. Qe8+ Kd5 37. Qxa4 e4 38. Rf5+ 1-0

[Event "Sant Boi op"]
[Site "Sant Boi de Llobregat"]
[Date "1996.??.??"]
[Round "?"]
[White "Lerch Gallemi, Jose Maria"]
[Black "Sulleva Baiget, Alex"]
[Result "1-0"]
[WhiteElo "2355"]
[BlackElo "2170"]
[PlyCount "57"]
[EventDate "1996.??.??"]
[EventType "swiss"]
[EventRounds "9"]
[EventCountry "ESP"]
[SourceTitle "EXT 2003"]
[Source "ChessBase"]
[SourceDate "2002.11.25"]
[SourceVersion "1"]
[SourceVersionDate "2002.11.25"]
[SourceQuality "1"]

1. e4 c5 2. Nc3 Nc6 3. f4 g6 4. Nf3 Bg7 5. Bc4 d6 6. 0-0 e6 7. d3 Nge7 8. Qe1 Nd4 9. Nxd4 cxd4 10. Nd1 0-0 11. Bb3 Nc6 12. Bd2 a5 13. a4 Ne7 14. Nf2 e5 15. Nh1 Kh8 16. fxe5 dxe5 17. Bxf7 Qb6 18. Qh4 Ng8 19. Bxg8 Rxg8 20. Bh6 Bxh6 21. Qxh6 Be6 22. Qg5 Qd6 23. Rf6 Rac8 24. Nf2 Rg7 25. Ng4 Rxc2 26. Raf1 Rxb2 27. Nh6 Rb6 28. Rf8+ Bg8 29. Rxg8+ 1-0